000 00536nam a2200229 a 4500
001 nice12345678
003 IN_TiNIC
005 20260116015158.0
008 050524s1980 hyda grp 000 0 urd
020 _a
_c15
082 0 0 _a891.4391
_bTAL2
100 _aTalib, Shahabadi
245 _aFughan-E-Sang
260 _aHyderabad
_bHenry Martyn Institute
_c1980
300 _a464p
500 _aincludes index and biblioraphy
505 2 _aIndex
650 _aUrdu-Poetry
902 _bSRS
942 _cBK
999 _c18641
_d18641